Länder mit der größten Küstenlänge - Sudden Death - Statistiken

Allgemein
  • Dieses Quiz wurde 418 mal gespielt
  • Das Durchschnittsergebnis liegt bei 5 aus 21
Answers on the Grid
Answers color-coded by a green-red scale on the quiz's grid according to % correct below.
Kanada🇨🇦
Russland🇷🇺
Indonesien🇮🇩
USA🇺🇸
Chile🇨🇱
Australien🇦🇺
Norwegen🇳🇴
Philippinen🇵🇭
Brasilien🇧🇷
Finnland🇫🇮
China🇨🇳
Japan🇯🇵
Schweden🇸🇪
Mexiko🇲🇽
Papua-Neuguinea🇵🇬
Vereinigtes Königreich🇬🇧
Neuseeland🇳🇿
Indien🇮🇳
Griechenland🇬🇷
Myanmar🇲🇲
Kuba🇨🇺
Italien🇮🇹
Salomonen🇸🇧
Madagaskar🇲🇬
Vietnam🇻🇳
Südkorea🇰🇷
Bahamas🇧🇸
Malaysia🇲🇾
Island🇮🇸
Argentinien🇦🇷
Türkei🇹🇷
Saudi-Arabien🇸🇦
Frankreich🇫🇷
Spanien🇪🇸
Thailand🇹🇭
Iran🇮🇷
Ukraine🇺🇦
Peru🇵🇪
Estland🇪🇪
Portugal🇵🇹
Algerien🇩🇿
Deutschland🇩🇪
 
Antwortstatistiken
Antwort % Korrekt
Russland🇷🇺
45%
Kanada🇨🇦
40%
USA🇺🇸
38%
Australien🇦🇺
34%
Brasilien🇧🇷
31%
Norwegen🇳🇴
30%
Indonesien🇮🇩
29%
China🇨🇳
28%
Mexiko🇲🇽
24%
Chile🇨🇱
23%
Indien🇮🇳
23%
Vereinigtes Königreich🇬🇧
23%
Japan🇯🇵
22%
Philippinen🇵🇭
20%
Neuseeland🇳🇿
17%
Griechenland🇬🇷
14%
Finnland🇫🇮
10%
Schweden🇸🇪
10%
Papua-Neuguinea🇵🇬
6%
Kuba🇨🇺
2%
Myanmar🇲🇲
1%
Keine übereinstimmenden Quizze gefunden
Verteilung der Resultate
Anzahl Personen mit jedem Resultat
Perzentil nach korrekt beantworteten Fragen
Ihre Resultats-Entwicklung
Sie haben dieses Quiz noch nicht gespielt